Sucedió en colores /

Guardado en:
Autor Principal: Bodoc, Liliana
Otros Autores: Farías, Carolina; il.
Formato: Libro
Publicado: Buenos Aires : Santillana, 2015
Series:Alfaguara Infantil
Materias:
Etiquetas: Agregar Etiqueta
Sin Etiquetas, Sea el primero en etiquetar este registro!
LEADER 00883nam a22002655a 4500
001 CEM.cems014905
005 20191213181942.0
008 130507s2015##################000#0#####d
003 CEMS
020 |a 9789504642930 
082 0 4 |a A863.4 
100 1 |a Bodoc, Liliana 
245 1 0 |a Sucedió en colores /  |c Liliana Bodoc; ilustrado Por Carolina Farías 
260 |a Buenos Aires :  |b Santillana,  |c 2015 
300 |a 96 p. 
490 0 |a Alfaguara Infantil 
653 |a Literatura 
653 |a Literatura argentina 
653 |a Novelas 
653 |a Literatura infantil 
653 |a Colección ciencias de la educación 
700 1 |a Farías, Carolina; il. 
859 |a CEMS  |b BIB. CEMS - 11 de abril  |h A863.4  |i B632-9  |p 27502.18  |t Ej.1 
859 |a CEMS  |b BIB. CEMS - 11 de abril  |h A863.4  |i B632-9  |p 27503.18  |t Ej.2 
859 |a CEMS  |b BIB. CEMS - Ccias. Educacion  |h A863.4  |i B632-9  |p 28998.19  |t Ej.3